| 000 | 00549nam a2200181 4500 | ||
|---|---|---|---|
| 003 | DO-SdBNP | ||
| 005 | 20180215111213.0 | ||
| 008 | 161208b1971 sp||||| |||| 00| 0 spa d | ||
| 040 |
_aBPMSU _bspa _cBPMSU |
||
| 100 | _aParramón, José M. | ||
| 245 |
_aCreaciones manuales en papel y cartulina / _cJosé María Parramón , José J. Paris |
||
| 260 |
_aBarcelona : _bParramón Ediciones _c1971 |
||
| 300 |
_a112 p. : _bil. : _c27 cm |
||
| 700 | _aPeris, José J. | ||
| 942 |
_2ddc _cBK |
||
| 945 | _aInventariado, 2018 / BT | ||
| 956 | _adgarcia | ||
| 999 |
_c12362 _d12362 |
||